000 00895nam a22002417a 4500
005 20150211113421.0
010 _aBAC-EN21 ENG-111729
020 _a9788189301095
_c475.00
020 _a8189301098
_c475.00
035 _aB-587361-399
035 _aEN-95261
037 _adpl
_bUBH/Ven
037 _aDBAD/PUB
082 _a330
100 _aShirur, Sriniwas
245 _aUGC NET/SET for JRF and eligibility test for lectureship (and Ph.D /M.Phil entrance exams) :
_cby Sriniwas Shirur
_beconomics according to latest UGC guidelines /
260 _aNew Delhi
_bDanika Publishing
_c2015
270 _a4352/4C, Ansari Road, Daryaganj
_bNew Delhi
_e110002
300 _avarious pagings
_c24cm(pbk)
490 _aTrueman's specific series
942 _2ddc
_cEN
_mSHI
_h330
999 _c89128
_d89128